Statistics for Iceland True or False?

Click here to take the quiz!

General Stats

  • This quiz has been taken 29,258 times
    (29,191 since last reset)
  • The average score is 11 of 15

Answer Stats

QuestionAnswer% Correct
Iceland is an autonomous territory owned by DenmarkFalse
95%
It's possible to see northern lights in IcelandTrue
95%
Iceland has active volcanoesTrue
95%
Nearly 100% of the electricity produced in Iceland comes from renewable sourcesTrue
93%
Iceland is considered to be a Nordic countryTrue
91%
ABBA is from IcelandFalse
90%
Iceland has ZERO native snake speciesTrue
88%
Iceland doesn't actually have any glaciersFalse
75%
Iceland's national sport is ice hockeyFalse
71%
A large percentage of Iceland is covered with forestsFalse
65%
Iceland uses the EuroFalse
62%
Iceland was originally inhabited by Inuit peoplesFalse
62%
Iceland allows people to hunt whalesTrue
62%
Iceland has the oldest surviving Parliament of any country in the worldTrue
55%
Iceland has the lowest average temperature of any European countryFalse
53%

Score Distribution

Percentile by Number Answered

Percent of People with Each Score

Your Score History

You have not taken this quiz since the last reset